| 000 | 01693cam a2200433 i 4500 | ||
|---|---|---|---|
| 001 | on1451144757 | ||
| 003 | OCoLC | ||
| 005 | 20250319160333.0 | ||
| 008 | 240730t20242024nyua a 000 1 eng d | ||
| 020 |
_a9780593808337 _q(board book) |
||
| 020 |
_a0593808339 _q(board book) |
||
| 035 | _a(OCoLC)1451144757 | ||
| 035 | _a1791141 | ||
| 040 |
_aLMJ _beng _erda _cLMJ _dBDX _dOCO _dJO6 _dOCLCO _dSO$ _dOQX _dJBI _dSINLB _dDAD |
||
| 092 |
_achildren board book _bScarry |
||
| 100 | 1 |
_aScarry, Richard, _eauthor. |
|
| 245 | 1 | 0 |
_aCars and trucks touch-and-trace / _cRichard Scarry. |
| 246 | 1 |
_iAt head of title : _aRichard Scarry's. |
|
| 250 | _aFirst edition. | ||
| 264 | 1 |
_aNew York _bRandom Children's Books, a division of Penguin Random House LLC _c[2024] |
|
| 264 | 4 | _c©2024. | |
| 300 |
_a1 volume (unpaged) : _bcolor illustrations ; _c21 cm. |
||
| 336 | _atext | ||
| 336 | _astill image | ||
| 337 | _aunmediated | ||
| 338 | _avolume | ||
| 490 | 1 | _aRichard Scarry's busy world. | |
| 500 | _aOn board pages. | ||
| 500 | _a"With trails to trace!"--Cover. | ||
| 520 | _a"Busytown is a busy place to live and work in--with so many things to see! Use your finger to follow the trails and solve the maze on each spread."-- | ||
| 650 | 0 |
_aAutomobiles _vJuvenile fiction. _95704217 |
|
| 650 | 0 |
_aTrucks _vJuvenile fiction. _95689432 |
|
| 650 | 0 |
_aVehicles _vJuvenile fiction. _95710000 |
|
| 650 | 0 |
_aMaze puzzles _vJuvenile fiction. _96437285 |
|
| 655 | 7 |
_aBoard books. _2lcgft. |
|
| 655 | 7 |
_aToy and movable books. _2lcgft. |
|
| 800 | 1 |
_aScarry, Richard. _tRichard Scarry's busy world. _95899051 |
|
| 942 |
_2ddc _cBOOK |
||
| 999 |
_c405768 _d405768 |
||